000 00603nam a22001937a 4500
005 20260319145554.0
010 _aENG-147950
020 _a9788194885511
_c500.00
035 _aEN-131482
037 _bDBAD
082 _a954
_21
100 _aRai Kumar Saurav
_988647
245 _aDebating Modern Indian History /
_cSaurav Kumar Rai
_hEnglish
260 _aLaxmi Nagar
_bManak
_c2021
270 _aB-7, Saraswati Complex, Subhash Chowk, Laxmi Nagar,
_bNew Delhi
_e110092
300 _a216p.
_c23cm(Pb)
700 _aRai Kumar Saurav
_987103
942 _2ddc
_cEN
_h954
_mRAI
_e1
999 _c215663
_d215663